000 007630000a22002410004500
090 _aAR
_b03524
245 1 0 _aDescriptions of one new genus and fifteen new species of tropical american Orthoptera
650 1 4 _aEntomología
_94483
650 1 4 _aLangostas
_996609
650 1 4 _aNuevas especies
_992905
650 1 4 _aTaxonomía animal
_98245
650 1 4 _aDistribución geográfica
_992997
650 1 4 _aMorfología animal
_99953
650 1 4 _aBiología
_992
651 4 _pCosta Rica
_992749
653 _gPogonogaster
653 _gEurycotis
653 _gDieronotus
_eDiedronotus centralis
041 0 _aInglés
100 1 _aRehn, James A.
_996670
942 _cARTICULO
773 1 _tTransactions of the American Entomological Society
_q321-345
_d1916?
_g44
999 _c12574
_d12574